Statistics for Game of Thrones- Loyalists

Click here to take the quiz!

General Stats

  • This quiz has been taken 290 times
    (189 since last reset)
  • The average score is 33 of 36

Answer Stats

LoyalistHouse% Correct
Maester Luwin (Castle)Winterfell
100%
Gregor Clegane (House)Lannister
98%
Podrick Payne (Person)Brienne of Tarth/ Tyrion
97%
Ghost (Person)Jon Snow
97%
Brienne of Tarth (Person)Sansa Stark/ Jaime Lannister/ Catelyn Stark
97%
Hodor (House)Stark
97%
Rickard Karstark (House)Stark
97%
Reek (House)Bolton
96%
Grand Maester Pycelle (Castle/ City)Red Keep/ Kings Landing
96%
Shaggydog (Person)Rickon Stark
96%
Lady (Person)Sansa Stark
96%
Melisandre (Person)Stannis/ Jon Snow9
96%
Nymeria (Person)Arya Stark
95%
Summer (Person)Bran Stark
95%
Qyburn (Person)Cersei Lannister
95%
Missandei (Person)Daenerys Targaryen
95%
Maester Aemon (Castle/ Group)Nights Watch/ Castle Black
95%
Petyr Baelish (Person/ House)Petyr Baelish is only loyal to himself duh
95%
Tyrion Lannister (House) (season 5-6)Targaryen
95%
Daario Naharis (House)Targaryen
95%
Jorah Mormont (House)Targaryen
95%
Davos Seaworth (Person or House)Jon Starkgaryen/ Stannis Baratheon
94%
Grey Wind (Person)Robb Stark
94%
Osha (House)Stark
94%
Varys (House)Targaryen
94%
Knights of the Vale (House)Arryn, Baelish, Stark (as of now)
93%
Barristan Selmy (House)Targaryen
93%
Lyanna Mormont (baddest child alive) (person)Jon Snow
92%
Greatjon Umber (House)Stark
92%
Jory Cassel (House)Stark
90%
Wildlings (House/ Region)The North/ Jon Snow
88%
Rodrik Cassel (House)Stark
87%
Small Jon Umber (House)Bolton
84%
Sandor Clegane (The Hound) (Group)Brotherhood Without Banners
81%
Dagmer Cleftjaw (House)Greyjoy
64%
Maester Cressen (house)Baratheon
63%

Score Distribution

Percentile by Number Answered

Percent of People with Each Score

Your Score History

You have not taken this quiz since the last reset